[Event "Eindhoven WLC op 15th"]
[Site "Eindhoven"]
[Date "2025.05.18"]
[Round "5"]
[White "Nobbe, Lars"]
[Black "Cornelissen, Jort"]
[Result "1-0"]
[WhiteElo "1715"]
[BlackElo "1863"]
[PlyCount "67"]
[EventDate "2025.05.16"]
[EventType "swiss"]
[EventRounds "6"]
[EventCountry "NED"]
[SourceTitle "CB21_2025"]
[SourceDate "2025.05.21"]
[SourceVersion "1"]
[SourceVersionDate "2025.05.21"]
[SourceQuality "1"]

1. e4 c5 2. Nf3 d6 3. d4 cxd4 4. Nxd4 Nf6 5. Nc3 a6 6. f3 e5 7. Nb3 Be6 8. Be3 Be7 9. Qd2 h5 10. 0-0-0 Nbd7 11. h3 h4 12. f4 Rc8 13. Bd3 exf4 14. Bxf4 Nh5 15. Be3 Ng3 16. Rhe1 b5 17. Ne2 Nxe2+ 18. Bxe2 Nc5 19. Nxc5 dxc5 20. Qc3 Qc7 21. Qxg7 Rf8 22. Bg4 Bxg4 23. Qxg4 Qb7 24. Rd5 Rc6 25. Re5 Rg6 26. Qxh4 Rxg2 27. Bxc5 f6 28. Rxe7+ Qxe7 29. Bxe7 Kxe7 30. e5 Rc8 31. Qxf6+ Kd7 32. Rd1+ Kc7 33. Qd6+ Kb7 34. Qd5+ 1-0

[Event "Eindhoven WLC op 15th"]
[Site "Eindhoven"]
[Date "2025.05.16"]
[Round "1"]
[White "Cornelissen, Jort"]
[Black "Smits, Sebastiaan"]
[Result "0-1"]
[WhiteElo "1863"]
[BlackElo "2159"]
[PlyCount "92"]
[EventDate "2025.05.16"]
[EventType "swiss"]
[EventRounds "6"]
[EventCountry "NED"]
[SourceTitle "CB21_2025"]
[SourceDate "2025.05.21"]
[SourceVersion "1"]
[SourceVersionDate "2025.05.21"]
[SourceQuality "1"]

1. e4 c5 2. Nf3 d6 3. d4 cxd4 4. Nxd4 e6 5. c4 Nf6 6. Nc3 Be7 7. Be2 0-0 8. 0-0 a6 9. Be3 Qc7 10. Qd2 b6 11. Rfc1 Bb7 12. f3 Nbd7 13. a4 Rac8 14. Nd1 Rfe8 15. b4 Qb8 16. a5 d5 17. exd5 exd5 18. Nf5 Bf8 19. Ng3 dxc4 20. Bxc4 Ne5 21. Be2 Nd5 22. Rxc8 Qxc8 23. Bxb6 Bxb4 24. Qb2 Nc4 25. Qb3 Ncxb6 26. axb6 Qc5+ 27. Kf1 a5 28. Ne4 Qxb6 29. Ndf2 Qe3 30. Qa4 Rc8 31. Qb5 Rc1+ 32. Rxc1 Qxc1+ 33. Bd1 Ne3+ 34. Ke2 Qb2+ 35. Kd3 Qb1+ 36. Ke2 Qb2+ 37. Kd3 Nxd1 38. Qe8+ Bf8 39. Nxd1 Ba6+ 40. Ke3 Qe2+ 41. Kf4 Qxd1 42. g4 h6 43. Qc6 Bd3 44. Nf2 Qd2+ 45. Kg3 Bc2 46. Nh3 Qd6+ 0-1

[Event "Helmond Rapid op"]
[Site "Helmond"]
[Date "2025.05.03"]
[Round "1"]
[White "Van Batenburg, Mees"]
[Black "Cornelissen, Jort"]
[Result "1-0"]
[WhiteElo "2215"]
[BlackElo "1863"]
[PlyCount "91"]
[EventDate "2025.05.03"]
[EventType "swiss (rapid)"]
[EventRounds "9"]
[EventCountry "NED"]
[SourceTitle "CB19_2025"]
[SourceDate "2025.05.07"]
[SourceVersion "1"]
[SourceVersionDate "2025.05.07"]
[SourceQuality "1"]

1. e4 c5 2. b4 cxb4 3. a3 d5 4. exd5 Qxd5 5. Nf3 Bg4 6. axb4 Bxf3 7. Qxf3 Qxf3 8. gxf3 e6 9. b5 Nf6 10. Bb2 Be7 11. f4 g6 12. Bg2 a5 13. Bxb7 Ra7 14. Bf3 0-0 15. b6 Ra6 16. Bd4 Rd8 17. c3 Nfd7 18. Be2 Nc5 19. Bxc5 Bxc5 20. Bxa6 Nxa6 21. Rxa5 Bxb6 22. Rxa6 Bc7 23. f5 exf5 24. d4 Rb8 25. Nd2 Rb2 26. Ke2 Bf4 27. Rd1 Bxh2 28. c4 Kg7 29. d5 Rc2 30. Kd3 Rb2 31. c5 Rb5 32. Kc4 Rb7 33. c6 Rc7 34. Nf3 Bd6 35. Nd4 h5 36. Nb5 Bf4 37. Nxc7 Bxc7 38. d6 Bxd6 39. Rxd6 h4 40. c7 h3 41. c8Q h2 42. f4 h1Q 43. Rxg6+ fxg6 44. Ra7+ Kf6 45. Qa6+ Qc6+ 46. Qxc6# 1-0

[Event "Helmond Rapid op"]
[Site "Helmond"]
[Date "2024.06.15"]
[Round "9"]
[White "Ngangbam, Chingthang"]
[Black "Cornelissen, Jort"]
[Result "1-0"]
[WhiteElo "1724"]
[BlackElo "1752"]
[PlyCount "67"]
[EventDate "2024.06.15"]
[EventType "swiss (rapid)"]
[EventRounds "9"]
[EventCountry "NED"]
[SourceTitle "CBM 220 Extra"]
[Source "ChessBase"]
[SourceDate "2024.07.31"]
[SourceVersion "1"]
[SourceVersionDate "2024.07.31"]
[SourceQuality "1"]

1. e4 c5 2. Nf3 d6 3. d4 cxd4 4. Nxd4 Nf6 5. Nc3 a6 6. Be3 e5 7. Nb3 Be7 8. Be2 Be6 9. Nd5 Nxd5 10. exd5 Bf5 11. 0-0 Nd7 12. Qd2 Rc8 13. c4 Bg6 14. Na5 Qc7 15. b4 0-0 16. Rac1 Nb8 17. c5 Qd7 18. Rfd1 f5 19. f4 e4 20. Nc4 Qd8 21. Nb6 Rc7 22. a4 Nd7 23. b5 Nxb6 24. cxb6 Rxc1 25. Rxc1 axb5 26. Bxb5 Be8 27. Bxe8 Rxe8 28. Rc7 Qb8 29. Qc3 Bf6 30. Qb4 Rd8 31. Bd4 Qa8 32. Bxf6 gxf6 33. Qc3 Qa6 34. Qg3+ 1-0

[Event "Helmond Rapid op"]
[Site "Helmond"]
[Date "2024.06.15"]
[Round "5"]
[White "Uddin, Ahnaf Tajwar"]
[Black "Cornelissen, Jort"]
[Result "1-0"]
[WhiteElo "2032"]
[BlackElo "1752"]
[PlyCount "73"]
[EventDate "2024.06.15"]
[EventType "swiss (rapid)"]
[EventRounds "9"]
[EventCountry "NED"]
[SourceTitle "CBM 220 Extra"]
[Source "ChessBase"]
[SourceDate "2024.07.31"]
[SourceVersion "1"]
[SourceVersionDate "2024.07.31"]
[SourceQuality "1"]

1. b3 d5 2. Bb2 Bf5 3. e3 e6 4. f4 Nf6 5. Nf3 Nbd7 6. Be2 h6 7. 0-0 c6 8. Ne5 Qc7 9. d3 Bd6 10. Nxd7 Qxd7 11. Nd2 Qe7 12. Bf3 0-0 13. a3 Rfd8 14. Qe2 a5 15. Kh1 e5 16. e4 dxe4 17. dxe4 Bc8 18. Nc4 Nd7 19. Rad1 Bc7 20. f5 b5 21. Ne3 Ba6 22. c4 Nb6 23. f6 Qxf6 24. Bh5 Rxd1 25. Nxd1 Qd6 26. Bxf7+ Kh8 27. Ne3 bxc4 28. bxc4 Bc8 29. c5 Qxc5 30. Rc1 Qe7 31. Bb3 a4 32. Ba2 Ba6 33. Qg4 Bc8 34. Qg6 Qf8 35. Qxc6 Bd8 36. Bxe5 Bd7 37. Qxh6# 1-0